[Event "IRI-ch sf"]
[Site "Rasht"]
[Date "2015.12.14"]
[Round "2"]
[White "Javanbakht, Nima"]
[Black "Javani, Shahin"]
[Result "1-0"]
[WhiteElo "2410"]
[BlackElo "2076"]
[PlyCount "63"]
[EventDate "2015.12.13"]
[EventType "swiss"]
[EventRounds "9"]
[EventCountry "IRI"]
[SourceTitle "EXT 2017"]
[Source "ChessBase"]
[SourceDate "2016.10.25"]
[SourceVersion "1"]
[SourceVersionDate "2016.10.25"]
[SourceQuality "1"]

1. d4 Nf6 2. c4 e6 3. Nf3 Bb4+ 4. Nbd2 d5 5. g3 Ne4 6. Bg2 f5 7. 0-0 c6 8. Ne5 Bxd2 9. Bxd2 Nxd2 10. Qxd2 0-0 11. Qc3 Nd7 12. Nd3 Qe7 13. b4 Nb6 14. c5 Nc4 15. Rfe1 Bd7 16. a4 a5 17. bxa5 Ra6 18. Reb1 Rb8 19. e3 Qd8 20. Bf1 Nxa5 21. Ne5 Ra7 22. Rb6 Qc7 23. h4 Be8 24. Be2 Qe7 25. Rab1 h6 26. Kg2 Qd8 27. Qb4 Qe7 28. Ba6 Nc4 29. Bxc4 dxc4 30. Qxc4 Rba8 31. R1b4 Bh5 32. Qb3 1-0